004740000a22001210004500090001700000245011900017041001300136700004100149100002600190942001300216773010600229999001700335 aASbSeriadas10aThree new frogs () from cloud forests in eastern departamento Caldas, Colombia0 aInglés1 aRueda Almonacid, José Vicente96891 aLynch, John D.992907 cARTICULO1 tRevista de la Academia Colombiana de Ciencias Exactas, Fisicas y Naturales332h79q131-142d1997g21 c14184d14184